000 00440pab a2200181 454500
008 180718b2004 xxu||||| |||| 00| 0 eng d
100 _aDimand, Robert W.
245 _aGender in classical economics
260 _c2004
300 _ap.229-40.
362 _aWinter
650 _aWomen
650 _aEconomics
700 _aNyland, Chris
700 _aForget, Evelyn L.
773 _aJournal of Economic Perspectives
909 _a60553
999 _c60553
_d60553